| 000 -LEADER |
| fixed length control field |
00776cam a22002057i 4500 |
| 001 - CONTROL NUMBER |
| control field |
17491634 |
| 005 - DATE AND TIME OF LATEST TRANSACTION |
| control field |
20230421121300.0 |
| 008 - FIXED-LENGTH DATA ELEMENTS--GENERAL INFORMATION |
| fixed length control field |
121012s2013 nyuad b 001 0 eng |
| 020 ## - INTERNATIONAL STANDARD BOOK NUMBER |
| International Standard Book Number |
9780199793549x |
| 041 ## - LANGUAGE CODE |
| Language code of text/sound track or separate title |
eng |
| 080 ## - UNIVERSAL DECIMAL CLASSIFICATION NUMBER |
| Universal Decimal Classification number |
159.97 the - 44 |
| 245 04 - TITLE STATEMENT |
| Title |
The Oxford handbook of research strategies for clinical psychology / |
| Statement of responsibility, etc. |
edited by Jonathan S. Comer, Philip C. Kendall. |
| 264 #4 - PRODUCTION, PUBLICATION, DISTRIBUTION, MANUFACTURE, AND COPYRIGHT NOTICE |
| Date of production, publication, distribution, manufacture, or copyright notice |
[2013]. |
| Place of production, publication, distribution, manufacture |
Oxford : |
| Name of producer, publisher, distributor, manufacturer |
Oxford University Press, |
| 300 ## - PHYSICAL DESCRIPTION |
| Extent |
459 pages ; |
| Other physical details |
illustrations ; |
| Dimensions |
26 cm. |
| 490 0# - SERIES STATEMENT |
| Series statement |
Oxford library of psychology |
| 653 ## - INDEX TERM--UNCONTROLLED |
| keyword |
კლინიკური ფსიქოლოგია |
| 700 1# - ADDED ENTRY--PERSONAL NAME |
| Personal name |
Comer, Jonathan S., |
| Relator term |
რედაქტორი |
| 9 (RLIN) |
17709 |
| 700 1# - ADDED ENTRY--PERSONAL NAME |
| Personal name |
Kendall, Philip C., |
| Relator term |
რედაქტორი |
| 9 (RLIN) |
17710 |
| 942 ## - ADDED ENTRY ELEMENTS (KOHA) |
| Source of classification or shelving scheme |
|
| Koha item type |
წიგნი |